Aporte de organizaciones campesinas e indígenas al desarrollo local: 34 experiencias /
Збережено в:
| Автор: | |
|---|---|
| Інші автори: | |
| Формат: | Текст |
| Теги: |
Додати тег
Немає тегів, Будьте першим, хто поставить тег для цього запису!
|
MARC
| LEADER | 00000 a a2200000 04500 | ||
|---|---|---|---|
| 001 | 9069 | ||
| 003 | |||
| 040 | |||
| 100 | |a Reygadas, Rafael | ||
| 245 | |a Aporte de organizaciones campesinas e indígenas al desarrollo local: |b 34 experiencias / |c Rafael Reygadas | ||
| 700 | |a Soto, Maricela | ||
| 773 | |g número 23; páginas 56-64 | ||
| 999 | |c 27084 |d 27084 | ||
